[Event "CECLUB Segunda División"]
[Site "Linares"]
[Date "2017.08.08"]
[Round "1"]
[White "Silva Rodriguez, Fernando"]
[Black "Crespo Ruiz, Manuel Maria"]
[Result "1-0"]
[Board "4"]
[WhiteElo "2235"]
[WhiteCountry "ESP"]
[WhiteFideId "2215268"]
[WhiteEloChange "4"]
[BlackElo "2002"]
[BlackCountry "ESP"]
[BlackFideId "2272300"]
[BlackEloChange "-4"]

1. d4 {[%clk 1:30:57]} d5 {[%clk 1:30:40]} 2. c4 {[%clk 1:31:19]} e6 {[%clk
1:30:46]} 3. Nf3 {[%clk 1:31:31]} Nf6 {[%clk 1:30:22]} 4. Nc3 {[%clk 1:31:50]} c6
{[%clk 1:30:10]} 5. e3 {[%clk 1:31:57]} Be7 {[%clk 1:28:45]} 6. Qc2 {[%clk
1:32:10]} Nbd7 {[%clk 1:28:49]} 7. Bd3 {[%clk 1:32:31]} dxc4 {[%clk 1:28:31]} 8.
Bxc4 {[%clk 1:32:53]} b5 {[%clk 1:28:40]} 9. Bd3 {[%clk 1:32:29]} Bb7 {[%clk
1:28:46]} 10. O-O {[%clk 1:32:47]} a6 {[%clk 1:25:52]} 11. Rd1 {[%clk 1:22:40]}
Qc7 {[%clk 1:23:33]} 12. e4 {[%clk 1:10:51]} Rc8 {[%clk 0:57:32]} 13. Bg5 {[%clk
1:04:56]} h6 {[%clk 0:54:47]} 14. Bh4 {[%clk 1:04:14]} c5 {[%clk 0:50:17]} 15. d5
{[%clk 1:01:46]} e5 {[%clk 0:42:56]} 16. Bxb5 {[%clk 1:01:46]} axb5 {[%clk
0:36:07]} 17. d6 {[%clk 0:55:44]} Qd8 {[%clk 0:18:14]} 18. dxe7 {[%clk 0:56:02]}
Qxe7 {[%clk 0:18:34]} 19. Nd2 {[%clk 0:32:52]} Bc6 {[%clk 0:14:53]} 20. a4 {[%clk
0:29:16]} bxa4 {[%clk 0:13:04]} 21. Nd5 {[%clk 0:21:59]} Qe6 {[%clk 0:12:23]} 22.
Bxf6 {[%clk 0:21:01]} Nxf6 {[%clk 0:08:09]} 23. Nb6 {[%clk 0:19:31]} Bxe4 {[%clk
0:03:06]} 24. Nxe4 {[%clk 0:19:53]} Qxb6 {[%clk 0:03:31]} 25. Nd6+ {[%clk
0:20:14]} Ke7 {[%clk 0:03:29]} 26. Qc4 {[%clk 0:15:58]} Qxd6 {[%clk 0:00:48]} 27.
Rxd6 {[%clk 0:16:21]} Kxd6 {[%clk 0:01:15]} 28. Qxf7 {[%clk 0:14:44]} Rc7 {[%clk
0:00:53]} 29. Rd1+ {[%clk 0:14:22]} Kc6 {[%clk 0:01:21]} 30. Qe6+ {[%clk
0:14:16]} Kb7 {[%clk 0:01:40]} 31. Rd6 {[%clk 0:11:52]} Re8 {[%clk 0:00:40]} 32.
Rb6+ {[%clk 0:11:52]} Ka7 {[%clk 0:00:33]} 33. Ra6+ {[%clk 0:12:25]} Kb8 {[%clk
0:00:46]} 34. Qb6+ {[%clk 0:12:17]} Kc8 {[%clk 0:01:02]} 35. Qb5 {[%clk 0:08:24]}
Kd8 {[%clk 0:01:15]} 36. Qxa4 {[%clk 0:06:41]} Ke7 {[%clk 0:00:37]} 37. Qa5
{[%clk 0:06:13]} Rec8 {[%clk 0:00:38]} 38. Qc3 {[%clk 0:06:11]} Nd7 {[%clk
0:00:36]} 39. Qc4 {[%clk 0:05:31]} Rc6 {[%clk 0:00:54]} 40. Ra7 {[%clk 0:05:45]}
R8c7 {[%clk 0:00:34]} 41. Ra3 {[%clk 0:05:27]} Rd6 {[%clk 0:00:39]} 42. h3 {[%clk
0:05:26]} Rd4 {[%clk 0:00:47]} 43. Qg8 {[%clk 0:05:50]} Kd6 {[%clk 0:00:31]} 44.
Qxg7 {[%clk 0:05:35]} Kc6 {[%clk 0:00:40]} 45. Qxh6+ {[%clk 0:05:57]} Rd6 {[%clk
0:01:00]} 46. Ra6+ {[%clk 0:06:10]} Kd5 {[%clk 0:01:00]} 1-0

[Event "CECLUB Segunda División"]
[Site "Linares"]
[Date "2017.08.09"]
[Round "2"]
[White "Mascaro March, Pedro"]
[Black "Vallejo Pons, Francisco"]
[Result "1/2-1/2"]
[Board "1"]
[WhiteTitle "IM"]
[WhiteElo "2387"]
[WhiteCountry "ESP"]
[WhiteFideId "2217570"]
[WhiteEloChange "7"]
[BlackTitle "GM"]
[BlackElo "2717"]
[BlackCountry "ESP"]
[BlackFideId "2205530"]
[BlackEloChange "-4"]

1. d4 {[%clk 1:30:04]} e6 {[%clk 1:30:23]} 2. Nf3 {[%clk 1:29:23]} c5 {[%clk
1:29:56]} 3. e3 {[%clk 1:28:44]} Nf6 {[%clk 1:28:48]} 4. c4 {[%clk 1:28:50]} a6
{[%clk 1:26:40]} 5. Nc3 {[%clk 1:28:51]} d5 {[%clk 1:26:59]} 6. a3 {[%clk
1:23:13]} b6 {[%clk 1:16:03]} 7. Be2 {[%clk 1:05:28]} Bb7 {[%clk 1:13:01]} 8. O-O
{[%clk 1:04:24]} Bd6 {[%clk 1:05:40]} 9. cxd5 {[%clk 1:01:33]} exd5 {[%clk
1:05:10]} 10. b3 {[%clk 0:56:45]} O-O {[%clk 1:03:24]} 11. Bb2 {[%clk 0:56:35]}
Qe7 {[%clk 0:59:14]} 12. Bd3 {[%clk 0:50:03]} Nbd7 {[%clk 0:52:43]} 13. Ne2
{[%clk 0:49:26]} Ne4 {[%clk 0:51:20]} 14. Ng3 {[%clk 0:44:18]} g6 {[%clk
0:44:20]} 15. Qe2 {[%clk 0:41:21]} h5 {[%clk 0:38:12]} 16. Rfd1 {[%clk 0:37:07]}
f5 {[%clk 0:28:03]} 17. a4 {[%clk 0:24:15]} h4 {[%clk 0:22:38]} 18. Nf1 {[%clk
0:24:23]} g5 {[%clk 0:20:10]} 19. N3d2 {[%clk 0:19:55]} cxd4 {[%clk 0:16:50]} 20.
exd4 {[%clk 0:13:49]} Ndf6 {[%clk 0:06:41]} 21. f3 {[%clk 0:11:39]} Nxd2 {[%clk
0:04:20]} 22. Qxd2 {[%clk 0:09:30]} Nh5 {[%clk 0:04:24]} 23. Re1 {[%clk 0:09:34]}
Qf6 {[%clk 0:04:30]} 24. Ne3 {[%clk 0:08:58]} Ng7 {[%clk 0:04:04]} 25. Rad1
{[%clk 0:04:06]} Rae8 {[%clk 0:03:02]} 26. Bb1 {[%clk 0:04:18]} Re7 {[%clk
0:02:24]} 27. Nf1 {[%clk 0:03:34]} Rfe8 {[%clk 0:02:07]} 28. Rxe7 {[%clk
0:02:11]} Qxe7 {[%clk 0:02:12]} 29. Bc3 {[%clk 0:01:52]} Bf4 {[%clk 0:01:06]} 30.
Qf2 {[%clk 0:01:11]} Qa3 {[%clk 0:00:48]} 31. Bc2 {[%clk 0:01:14]} Rc8 {[%clk
0:00:55]} 32. Ra1 {[%clk 0:00:43]} Qe7 {[%clk 0:00:56]} 33. Bb2 {[%clk 0:00:54]}
Qb4 {[%clk 0:00:53]} 34. Rd1 {[%clk 0:00:39]} a5 {[%clk 0:00:43]} 35. g3 {[%clk
0:01:02]} hxg3 {[%clk 0:00:56]} 36. hxg3 {[%clk 0:01:29]} Bb8 {[%clk 0:00:56]}
37. Ne3 {[%clk 0:00:42]} f4 {[%clk 0:00:36]} 38. gxf4 {[%clk 0:00:52]} Bxf4
{[%clk 0:00:59]} 39. Ng4 {[%clk 0:01:13]} Qd6 {[%clk 0:00:38]} 40. Qe2 {[%clk
0:01:26]} Ba6 {[%clk 0:00:40]} 41. Bd3 {[%clk 0:01:02]} Re8 {[%clk 0:00:46]} 42.
Qc2 {[%clk 0:01:13]} Bc8 {[%clk 0:00:33]} 43. Bb5 {[%clk 0:00:37]} Bxg4 {[%clk
0:00:32]} 44. fxg4 {[%clk 0:00:44]} Be3+ {[%clk 0:00:43]} 45. Kg2 {[%clk
0:00:40]} Rf8 {[%clk 0:00:34]} 46. Rf1 {[%clk 0:00:49]} Rxf1 {[%clk 0:00:39]} 47.
Bxf1 {[%clk 0:01:14]} Qe6 {[%clk 0:00:43]} 48. Be2 {[%clk 0:01:24]} Bf4 {[%clk
0:00:32]} 1/2-1/2

[Event "CECLUB Segunda División"]
[Site "Linares"]
[Date "2017.08.09"]
[Round "2"]
[White "Arizmendi Martinez, Julen Luis"]
[Black "Tattersall Rodriguez, Lester"]
[Result "1-0"]
[Board "2"]
[WhiteTitle "GM"]
[WhiteElo "2513"]
[WhiteCountry "ESP"]
[WhiteFideId "2205092"]
[WhiteEloChange "2"]
[BlackTitle "FM"]
[BlackElo "2275"]
[BlackCountry "ESP"]
[BlackFideId "2208903"]
[BlackEloChange "-4"]

1. e4 {[%clk 1:30:30]} e6 {[%clk 1:30:30]} 2. d4 {[%clk 1:30:30]} d5 {[%clk
1:30:30]} 3. Nd2 {[%clk 1:30:30]} c5 {[%clk 1:30:30]} 4. exd5 {[%clk 1:30:30]}
exd5 {[%clk 1:30:30]} 5. Bb5+ {[%clk 1:30:30]} Bd7 {[%clk 1:30:30]} 6. Bxd7+
{[%clk 1:30:30]} Qxd7 {[%clk 1:30:30]} 7. Ne2 {[%clk 1:30:30]} Nf6 {[%clk
1:30:30]} 8. O-O {[%clk 1:30:30]} c4 {[%clk 1:30:30]} 9. Ng3 {[%clk 1:30:30]} Be7
{[%clk 1:30:30]} 10. Nf3 {[%clk 1:30:30]} Nc6 {[%clk 1:30:30]} 11. Ne5 {[%clk
1:30:30]} Nxe5 {[%clk 1:30:30]} 12. dxe5 {[%clk 1:30:30]} Ng4 {[%clk 1:30:30]}
13. e6 {[%clk 1:30:30]} Qxe6 {[%clk 1:30:30]} 14. Re1 {[%clk 1:30:30]} Qd7 {[%clk
1:30:30]} 15. Qf3 {[%clk 1:30:30]} f6 {[%clk 1:30:30]} 16. Rxe7+ {[%clk 1:30:30]}
Kxe7 {[%clk 1:30:30]} 17. Nf5+ {[%clk 1:30:30]} Kd8 {[%clk 1:30:30]} 18. Qxg4
{[%clk 1:30:30]} Re8 {[%clk 1:30:30]} 19. Bd2 {[%clk 1:30:30]} Re5 {[%clk
1:30:30]} 20. Ne3 {[%clk 1:30:30]} Qxg4 {[%clk 1:30:30]} 21. Nxg4 {[%clk
1:30:30]} Re2 {[%clk 1:30:30]} 22. Rd1 {[%clk 1:30:30]} Kc7 {[%clk 1:30:30]} 23.
Ne3 {[%clk 1:30:30]} d4 {[%clk 1:30:30]} 24. Nxc4 {[%clk 1:30:30]} b5 {[%clk
1:30:30]} 25. Na5 {[%clk 1:30:30]} Kd6 {[%clk 1:30:30]} 26. Nb3 {[%clk 1:30:30]}
Rae8 {[%clk 1:30:30]} 27. Kf1 {[%clk 1:30:30]} R2e4 {[%clk 1:30:30]} 28. Be3
{[%clk 1:30:30]} a6 {[%clk 1:30:30]} 29. Nxd4 {[%clk 1:30:30]} Kc7 {[%clk
1:30:30]} 30. Nb3 {[%clk 1:30:30]} Rc4 {[%clk 1:30:30]} 31. c3 {[%clk 1:30:30]}
h5 {[%clk 1:30:30]} 32. Nd4 {[%clk 1:30:30]} b4 {[%clk 1:30:30]} 33. cxb4 {[%clk
1:30:30]} Rxb4 {[%clk 1:30:30]} 34. b3 {[%clk 1:30:30]} g6 {[%clk 1:30:30]} 35.
Ne2 {[%clk 1:30:30]} g5 {[%clk 1:30:30]} 36. Nc3 {[%clk 1:30:30]} Kb7 {[%clk
1:30:30]} 37. Nd5 {[%clk 1:30:30]} Rd8 {[%clk 1:30:30]} 38. Rd2 {[%clk 1:30:30]}
Rh4 {[%clk 1:30:30]} 39. Nxf6 {[%clk 1:30:30]} Rxd2 {[%clk 1:30:30]} 40. Bxd2
{[%clk 1:30:30]} Rxh2 {[%clk 1:30:30]} 41. Kg1 {[%clk 1:30:30]} Rh4 {[%clk
1:30:30]} 42. f4 {[%clk 1:30:30]} gxf4 {[%clk 1:30:30]} 43. Be1 {[%clk 1:30:30]}
Rg4 {[%clk 1:30:30]} 44. Nxg4 {[%clk 1:30:30]} hxg4 {[%clk 1:30:30]} 45. Bd2
{[%clk 1:30:30]} f3 {[%clk 1:30:30]} 46. gxf3 {[%clk 1:30:30]} gxf3 {[%clk
1:30:30]} 47. Kf2 {[%clk 1:30:30]} Kc6 {[%clk 1:30:30]} 48. Kxf3 {[%clk 1:30:30]}
Kb5 {[%clk 1:30:30]} 49. Ke4 {[%clk 1:30:30]} a5 {[%clk 1:30:30]} 50. a4+ {[%clk
1:30:30]} Ka6 {[%clk 1:30:30]} 51. Kd5 {[%clk 1:30:30]} Kb6 {[%clk 1:30:30]} 52.
Bc3 {[%clk 1:30:30]} Ka6 {[%clk 1:30:30]} 53. Kc6 {[%clk 1:30:30]} Ka7 {[%clk
1:30:30]} 54. Bxa5 {[%clk 1:30:30]} Kb8 {[%clk 1:30:30]} 55. Kb6 {[%clk 1:30:30]}
1-0

[Event "CECLUB Segunda División"]
[Site "Linares"]
[Date "2017.08.09"]
[Round "2"]
[White "Gaya Llodra, Juan"]
[Black "Vassallo Barroche, Mauricio"]
[Result "0-1"]
[Board "3"]
[WhiteElo "2211"]
[WhiteCountry "ESP"]
[WhiteFideId "2210967"]
[WhiteEloChange "-6"]
[BlackTitle "IM"]
[BlackElo "2369"]
[BlackCountry "ESP"]
[BlackFideId "101648"]
[BlackEloChange "6"]

1. d4 {[%clk 1:28:49]} Nf6 {[%clk 1:30:42]} 2. Nf3 {[%clk 1:29:02]} g6 {[%clk
1:30:15]} 3. g3 {[%clk 1:29:11]} Bg7 {[%clk 1:29:58]} 4. Bg2 {[%clk 1:29:31]} O-O
{[%clk 1:27:50]} 5. c4 {[%clk 1:29:34]} d6 {[%clk 1:26:32]} 6. O-O {[%clk
1:29:44]} Nc6 {[%clk 1:22:14]} 7. Nc3 {[%clk 1:25:21]} Rb8 {[%clk 1:22:38]} 8. h3
{[%clk 1:25:08]} a6 {[%clk 1:22:43]} 9. a4 {[%clk 1:25:22]} a5 {[%clk 1:20:06]}
10. e4 {[%clk 1:14:17]} Nd7 {[%clk 1:15:54]} 11. Bg5 {[%clk 1:07:47]} h6 {[%clk
1:11:20]} 12. Be3 {[%clk 1:04:37]} Kh7 {[%clk 1:11:43]} 13. d5 {[%clk 0:49:29]}
Nb4 {[%clk 1:03:09]} 14. Qe2 {[%clk 0:44:37]} e5 {[%clk 0:48:30]} 15. dxe6 {[%clk
0:44:37]} fxe6 {[%clk 0:48:53]} 16. Rad1 {[%clk 0:37:01]} Qe7 {[%clk 0:48:43]}
17. Nb5 {[%clk 0:20:49]} Na6 {[%clk 0:41:48]} 18. Qc2 {[%clk 0:13:47]} e5 {[%clk
0:40:54]} 19. Nc3 {[%clk 0:11:55]} Nb4 {[%clk 0:39:14]} 20. Qe2 {[%clk 0:10:11]}
b6 {[%clk 0:39:20]} 21. Ne1 {[%clk 0:08:21]} Ba6 {[%clk 0:26:13]} 22. Nd5 {[%clk
0:03:29]} Nxd5 {[%clk 0:25:13]} 23. exd5 {[%clk 0:03:55]} Nc5 {[%clk 0:25:29]}
24. Qc2 {[%clk 0:03:55]} Bc8 {[%clk 0:25:45]} 25. Bxc5 {[%clk 0:03:31]} bxc5
{[%clk 0:26:08]} 26. Be4 {[%clk 0:03:20]} Bf5 {[%clk 0:16:55]} 27. Bxf5 {[%clk
0:02:46]} gxf5 {[%clk 0:17:10]} 28. Nd3 {[%clk 0:01:29]} e4 {[%clk 0:16:40]} 29.
Nf4 {[%clk 0:01:23]} Rxb2 {[%clk 0:16:57]} 30. Qc1 {[%clk 0:01:38]} Be5 {[%clk
0:16:31]} 31. Ne6 {[%clk 0:01:40]} Rg8 {[%clk 0:16:45]} 32. Kh1 {[%clk 0:00:41]}
Qf7 {[%clk 0:16:39]} 33. Rd2 {[%clk 0:00:42]} Rb3 {[%clk 0:16:06]} 34. Qd1 {[%clk
0:00:45]} Rf3 {[%clk 0:16:30]} 35. Rg1 {[%clk 0:00:39]} Qh5 {[%clk 0:14:59]} 36.
Rg2 {[%clk 0:00:46]} Qxh3+ {[%clk 0:15:15]} 37. Rh2 {[%clk 0:00:56]} Qg4 {[%clk
0:15:25]} 38. Re2 {[%clk 0:00:41]} e3 {[%clk 0:12:45]} 39. Qc1 {[%clk 0:00:34]}
Qe4 {[%clk 0:13:04]} 40. Kg1 {[%clk 0:00:33]} f4 {[%clk 0:13:25]} 41. Qc2 {[%clk
0:00:34]} exf2+ {[%clk 0:13:41]} 42. Rexf2 {[%clk 0:00:38]} Rfxg3+ {[%clk
0:14:02]} 0-1

[Event "CECLUB Segunda División"]
[Site "Linares"]
[Date "2017.08.09"]
[Round "2"]
[White "Sos Andreu, Eric"]
[Black "Castell Cantero, Salvador"]
[Result "1-0"]
[Board "4"]
[WhiteTitle "IM"]
[WhiteElo "2347"]
[WhiteCountry "ESP"]
[WhiteFideId "22247017"]
[WhiteEloChange "5"]
[BlackElo "2149"]
[BlackCountry "ESP"]
[BlackFideId "22200754"]
[BlackEloChange "-5"]

1. d4 {[%clk 1:30:12]} Nf6 {[%clk 1:30:43]} 2. c4 {[%clk 1:30:34]} e6 {[%clk
1:31:00]} 3. g3 {[%clk 1:30:51]} Bb4+ {[%clk 1:30:46]} 4. Bd2 {[%clk 1:31:05]}
Qe7 {[%clk 1:30:37]} 5. Nf3 {[%clk 1:31:21]} O-O {[%clk 1:30:15]} 6. Bg2 {[%clk
1:31:11]} Nc6 {[%clk 1:30:35]} 7. Nc3 {[%clk 1:31:27]} d5 {[%clk 1:30:27]} 8.
cxd5 {[%clk 1:29:20]} exd5 {[%clk 1:30:01]} 9. O-O {[%clk 1:29:37]} Bg4 {[%clk
1:28:57]} 10. Bg5 {[%clk 1:26:16]} Rad8 {[%clk 1:21:51]} 11. Rc1 {[%clk 1:24:15]}
Rfe8 {[%clk 1:18:16]} 12. h3 {[%clk 1:14:57]} Bh5 {[%clk 1:14:44]} 13. g4 {[%clk
1:13:31]} Bg6 {[%clk 1:15:00]} 14. e3 {[%clk 1:13:44]} Bxc3 {[%clk 1:05:01]} 15.
Rxc3 {[%clk 1:13:34]} Be4 {[%clk 1:04:36]} 16. Nd2 {[%clk 1:10:29]} Bxg2 {[%clk
1:03:55]} 17. Kxg2 {[%clk 1:10:53]} Rd7 {[%clk 0:52:16]} 18. Qf3 {[%clk 1:02:59]}
Qb4 {[%clk 0:38:46]} 19. Bxf6 {[%clk 0:59:05]} Qxb2 {[%clk 0:38:36]} 20. Qf5
{[%clk 0:58:47]} Qxc3 {[%clk 0:24:51]} 21. Qg5 {[%clk 0:58:29]} 1-0

[Event "CECLUB Segunda División"]
[Site "Linares"]
[Date "2017.08.09"]
[Round "2"]
[White "Lopez Martinez, Josep Manuel"]
[Black "Almagro Mazariegos, Sebastian"]
[Result "1-0"]
[Board "1"]
[WhiteTitle "GM"]
[WhiteElo "2589"]
[WhiteCountry "ESP"]
[WhiteFideId "2212943"]
[WhiteEloChange "2"]
[BlackTitle "FM"]
[BlackElo "2307"]
[BlackCountry "ESP"]
[BlackFideId "2221640"]
[BlackEloChange "-3"]

1. Nf3 {[%clk 1:30:30]} Nf6 {[%clk 1:30:30]} 2. c4 {[%clk 1:30:30]} e6 {[%clk
1:30:30]} 3. d4 {[%clk 1:30:30]} Bb4+ {[%clk 1:30:30]} 4. Nbd2 {[%clk 1:30:30]}
O-O {[%clk 1:30:30]} 5. a3 {[%clk 1:30:30]} Bxd2+ {[%clk 1:30:30]} 6. Qxd2 {[%clk
1:30:30]} d5 {[%clk 1:30:30]} 7. e3 {[%clk 1:30:30]} b6 {[%clk 1:30:30]} 8. b3
{[%clk 1:30:30]} Nbd7 {[%clk 1:30:30]} 9. cxd5 {[%clk 1:30:30]} exd5 {[%clk
1:30:30]} 10. a4 {[%clk 1:30:30]} c5 {[%clk 1:30:30]} 11. Bb2 {[%clk 1:30:30]}
Bb7 {[%clk 1:30:30]} 12. Be2 {[%clk 1:30:30]} Rc8 {[%clk 1:30:30]} 13. Rc1 {[%clk
1:30:30]} Ne4 {[%clk 1:30:30]} 14. Qd1 {[%clk 1:30:30]} Re8 {[%clk 1:30:30]} 15.
O-O {[%clk 1:30:30]} Re6 {[%clk 1:30:30]} 16. Rc2 {[%clk 1:30:30]} Rg6 {[%clk
1:30:30]} 17. Bb5 {[%clk 1:30:30]} Nf8 {[%clk 1:30:30]} 18. Ne5 {[%clk 1:30:30]}
Rh6 {[%clk 1:30:30]} 19. f3 {[%clk 1:30:30]} Nd6 {[%clk 1:30:30]} 20. Bd3 {[%clk
1:30:30]} Qh4 {[%clk 1:30:30]} 21. g3 {[%clk 1:30:30]} Qe7 {[%clk 1:30:30]} 22.
Qd2 {[%clk 1:30:30]} Re6 {[%clk 1:30:30]} 23. f4 {[%clk 1:30:30]} c4 {[%clk
1:30:30]} 24. bxc4 {[%clk 1:30:30]} dxc4 {[%clk 1:30:30]} 25. Be2 {[%clk
1:30:30]} Bd5 {[%clk 1:30:30]} 26. Ba3 {[%clk 1:30:30]} Qe8 {[%clk 1:30:30]} 27.
Bg4 {[%clk 1:30:30]} f5 {[%clk 1:30:30]} 28. Bxd6 {[%clk 1:30:30]} fxg4 {[%clk
1:30:30]} 29. Bxf8 {[%clk 1:30:30]} Kxf8 {[%clk 1:30:30]} 30. Nxg4 {[%clk
1:30:30]} Rec6 {[%clk 1:30:30]} 31. Ne5 {[%clk 1:30:30]} c3 {[%clk 1:30:30]} 32.
Qd3 {[%clk 1:30:30]} Kg8 {[%clk 1:30:30]} 33. Rfc1 {[%clk 1:30:30]} Bb3 {[%clk
1:30:30]} 1-0

[Event "CECLUB Segunda División"]
[Site "Linares"]
[Date "2017.08.09"]
[Round "2"]
[White "Sanchez Jimenez, Juan Carlos"]
[Black "Alsina Leal, Daniel"]
[Result "1/2-1/2"]
[Board "2"]
[WhiteTitle "FM"]
[WhiteElo "2212"]
[WhiteCountry "ESP"]
[WhiteFideId "2206331"]
[WhiteEloChange "7"]
[BlackTitle "GM"]
[BlackElo "2507"]
[BlackCountry "ESP"]
[BlackFideId "2252627"]
[BlackEloChange "-3"]

1. d4 {[%clk 1:27:38]} Nf6 {[%clk 1:30:40]} 2. c4 {[%clk 1:27:31]} g6 {[%clk
1:31:03]} 3. Nc3 {[%clk 1:27:20]} d5 {[%clk 1:31:25]} 4. Nf3 {[%clk 1:27:14]} Bg7
{[%clk 1:31:50]} 5. Bf4 {[%clk 1:27:33]} O-O {[%clk 1:30:26]} 6. e3 {[%clk
1:27:07]} c5 {[%clk 1:30:01]} 7. dxc5 {[%clk 1:27:01]} Ne4 {[%clk 1:27:53]} 8.
Rc1 {[%clk 1:26:48]} Nd7 {[%clk 1:27:11]} 9. cxd5 {[%clk 1:25:48]} Qa5 {[%clk
1:23:58]} 10. Nd4 {[%clk 1:19:29]} Nxc3 {[%clk 1:23:40]} 11. bxc3 {[%clk
1:19:16]} Qxa2 {[%clk 1:23:05]} 12. c6 {[%clk 1:18:18]} Nc5 {[%clk 1:17:51]} 13.
Be2 {[%clk 1:18:18]} Qxd5 {[%clk 1:14:35]} 14. Bf3 {[%clk 1:18:35]} Qc4 {[%clk
1:03:11]} 15. Be2 {[%clk 1:18:03]} Qa2 {[%clk 0:58:18]} 16. Bg5 {[%clk 1:02:42]}
f6 {[%clk 0:53:05]} 17. Bh4 {[%clk 1:02:40]} e5 {[%clk 0:49:44]} 18. O-O {[%clk
0:58:29]} bxc6 {[%clk 0:49:44]} 19. Nxc6 {[%clk 0:55:57]} Kh8 {[%clk 0:09:58]}
20. Ra1 {[%clk 0:43:36]} Qf7 {[%clk 0:10:06]} 21. Qd6 {[%clk 0:34:31]} Nb3 {[%clk
0:02:27]} 22. Ra3 {[%clk 0:28:20]} a5 {[%clk 0:02:16]} 23. Bd1 {[%clk 0:13:08]}
Be6 {[%clk 0:01:44]} 24. Bxb3 {[%clk 0:06:21]} Bxb3 {[%clk 0:02:10]} 25. Nxa5
{[%clk 0:06:40]} Rfd8 {[%clk 0:01:17]} 26. Qb4 {[%clk 0:02:40]} Rab8 {[%clk
0:00:34]} 27. Qg4 {[%clk 0:00:55]} Be6 {[%clk 0:00:45]} 28. Qe2 {[%clk 0:00:37]}
Qc7 {[%clk 0:00:53]} 29. Qf3 {[%clk 0:00:33]} g5 {[%clk 0:00:47]} 30. Bg3 {[%clk
0:00:55]} h6 {[%clk 0:00:33]} 31. h3 {[%clk 0:01:13]} Rb5 {[%clk 0:00:33]} 32.
Rfa1 {[%clk 0:01:18]} Rc5 {[%clk 0:00:38]} 33. c4 {[%clk 0:00:45]} Rc8 {[%clk
0:00:46]} 34. Qb7 {[%clk 0:00:37]} Rxc4 {[%clk 0:00:33]} 35. Qa6 {[%clk 0:00:33]}
Rc1+ {[%clk 0:00:49]} 36. Kh2 {[%clk 0:00:57]} Bg8 {[%clk 0:00:45]} 37. Qb7
{[%clk 0:00:41]} Qxb7 {[%clk 0:00:33]} 38. Nxb7 {[%clk 0:01:05]} Bf8 {[%clk
0:00:33]} 39. Rxc1 {[%clk 0:01:08]} Rxc1 {[%clk 0:01:01]} 40. Ra8 {[%clk
0:01:06]} Kg7 {[%clk 0:01:10]} 41. Rd8 {[%clk 0:00:32]} Rc7 {[%clk 0:01:20]} 42.
Nd6 {[%clk 0:00:56]} Bxd6 {[%clk 0:00:45]} 43. Rxd6 {[%clk 0:01:19]} h5 {[%clk
0:00:37]} 44. h4 {[%clk 0:01:40]} g4 {[%clk 0:00:46]} 45. Rb6 {[%clk 0:00:50]}
Kf7 {[%clk 0:00:39]} 46. f4 {[%clk 0:00:38]} gxf3 {[%clk 0:00:33]} 47. gxf3
{[%clk 0:01:03]} Rc2+ {[%clk 0:00:34]} 48. Kg1 {[%clk 0:01:27]} Kg7 {[%clk
0:00:35]} 49. e4 {[%clk 0:00:32]} Bf7 {[%clk 0:00:35]} 50. Rb1 {[%clk 0:00:38]}
Be6 {[%clk 0:00:42]} 51. Rf1 {[%clk 0:00:55]} Bc4 {[%clk 0:00:44]} 52. Rf2 {[%clk
0:01:21]} Rc3 {[%clk 0:00:36]} 53. Kh2 {[%clk 0:01:37]} Bd3 {[%clk 0:00:32]} 54.
Kg2 {[%clk 0:01:07]} Bc2 {[%clk 0:00:36]} 55. Rd2 {[%clk 0:01:25]} Kf7 {[%clk
0:00:46]} 56. Kf2 {[%clk 0:01:26]} Ke6 {[%clk 0:00:57]} 57. Bh2 {[%clk 0:01:37]}
Bb3 {[%clk 0:00:57]} 58. Bg3 {[%clk 0:01:16]} Ba4 {[%clk 0:01:19]} 59. Bh2 {[%clk
0:00:36]} Bc6 {[%clk 0:01:38]} 60. Re2 {[%clk 0:00:45]} Bb5 {[%clk 0:01:22]} 61.
Rd2 {[%clk 0:00:52]} Rb3 {[%clk 0:01:05]} 62. Bg3 {[%clk 0:01:04]} Bd3 {[%clk
0:01:09]} 63. Ra2 {[%clk 0:00:37]} f5 {[%clk 0:01:01]} 64. exf5+ {[%clk 0:00:57]}
Kxf5 {[%clk 0:01:24]} 65. Ra8 {[%clk 0:00:53]} Rb2+ {[%clk 0:01:18]} 66. Kg1
{[%clk 0:01:05]} e4 {[%clk 0:00:50]} 67. Rf8+ {[%clk 0:01:28]} Ke6 {[%clk
0:00:38]} 68. fxe4 {[%clk 0:01:09]} Bxe4 {[%clk 0:00:42]} 69. Bf2 {[%clk
0:01:12]} Rb3 {[%clk 0:00:44]} 70. Kh2 {[%clk 0:01:04]} Bf5 {[%clk 0:00:52]} 71.
Re8+ {[%clk 0:00:55]} Kd5 {[%clk 0:01:00]} 72. Re3 {[%clk 0:00:53]} Rb7 {[%clk
0:01:00]} 73. Re2 {[%clk 0:00:37]} Bd3 {[%clk 0:01:04]} 74. Re3 {[%clk 0:00:33]}
Be4 {[%clk 0:01:27]} 75. Rc3 {[%clk 0:00:39]} Ke5 {[%clk 0:01:26]} 76. Be3 {[%clk
0:00:37]} Kf5 {[%clk 0:01:10]} 77. Kg3 {[%clk 0:00:42]} Bd5 {[%clk 0:01:12]} 78.
Bg5 {[%clk 0:00:37]} Rb2 {[%clk 0:01:20]} 79. Ra3 {[%clk 0:00:34]} Bc6 {[%clk
0:00:38]} 80. Ra5+ {[%clk 0:00:33]} Ke4 {[%clk 0:00:38]} 81. Ra3 {[%clk 0:00:40]}
Rc2 {[%clk 0:00:35]} 82. Rf3 {[%clk 0:00:42]} Ke5 {[%clk 0:00:41]} 83. Rf2 {[%clk
0:01:04]} Rc3+ {[%clk 0:00:53]} 84. Kh2 {[%clk 0:01:22]} Rb3 {[%clk 0:00:49]} 85.
Bf6+ {[%clk 0:00:35]} Ke6 {[%clk 0:00:44]} 86. Bg5 {[%clk 0:00:40]} Bf3 {[%clk
0:00:37]} 87. Ra2 {[%clk 0:00:36]} Ke5 {[%clk 0:00:45]} 88. Ra5+ {[%clk 0:00:40]}
Bd5 {[%clk 0:01:03]} 89. Ra2 {[%clk 0:00:38]} Kf5 {[%clk 0:00:50]} 90. Rf2+
{[%clk 0:01:01]} Bf3 {[%clk 0:00:48]} 91. Kg3 {[%clk 0:00:32]} Ke4 {[%clk
0:01:11]} 92. Kh2 {[%clk 0:00:48]} Rd3 {[%clk 0:00:32]} 93. Rf1 {[%clk 0:00:43]}
Rb3 {[%clk 0:00:35]} 94. Rf2 {[%clk 0:01:02]} Rb1 {[%clk 0:00:35]} 95. Kg3 {[%clk
0:01:00]} Rg1+ {[%clk 0:00:34]} 96. Kh2 {[%clk 0:01:16]} Rh1+ {[%clk 0:00:48]}
97. Kg3 {[%clk 0:01:42]} Bg4 {[%clk 0:00:38]} 98. Ra2 {[%clk 0:01:02]} Rh3+
{[%clk 0:00:43]} 99. Kg2 {[%clk 0:01:10]} Rb3 {[%clk 0:00:49]} 100. Rd2 {[%clk
0:00:58]} Bf3+ {[%clk 0:01:00]} 101. Kh2 {[%clk 0:00:36]} Kf5 {[%clk 0:01:06]}
102. Kg3 {[%clk 0:00:33]} Be4+ {[%clk 0:01:18]} 103. Kh2 {[%clk 0:00:48]} Kg4
{[%clk 0:01:35]} 104. Rd4 {[%clk 0:00:45]} Rh3+ {[%clk 0:00:57]} 105. Kg1 {[%clk
0:01:10]} Kf3 {[%clk 0:01:06]} 106. Ra4 {[%clk 0:01:00]} Rg3+ {[%clk 0:00:55]}
107. Kf1 {[%clk 0:01:07]} Bd3+ {[%clk 0:00:36]} 108. Ke1 {[%clk 0:01:34]} Rg2
{[%clk 0:00:38]} 109. Rf4+ {[%clk 0:01:29]} Kg3 {[%clk 0:00:51]} 110. Kd1 {[%clk
0:01:00]} Bb5 {[%clk 0:00:32]} 111. Ke1 {[%clk 0:01:06]} Bc6 {[%clk 0:00:35]}
112. Kd1 {[%clk 0:01:14]} Bf3+ {[%clk 0:00:42]} 113. Kc1 {[%clk 0:01:25]} Rg1+
{[%clk 0:00:33]} 1/2-1/2